Processing and vulcanisate properties of commercial grades of natural rubber.Pt.II.Mastication and mixing behaviour, vulcanisate ageing and the Wallace plasticity retention test for raw rubber oxidation resistance (Record no. 65772)

MARC details
000 -LEADER
fixed length control field 00640nam a2200181Ia 4500
100 ## - MAIN ENTRY--AUTHOR NAME
Personal name Baker H C
245 #0 - TITLE STATEMENT
Title Processing and vulcanisate properties of commercial grades of natural rubber.Pt.II.Mastication and mixing behaviour, vulcanisate ageing and the Wallace plasticity retention test for raw rubber oxidation resistance
260 ## - PUBLICATION, DISTRIBUTION, ETC. (IMPRINT)
Name of publisher IRI Transactions
Year of publication 1966
300 ## - PHYSICAL DESCRIPTION
Number of Pages T210-T226
650 ## - SUBJECT ADDED ENTRY--TOPICAL TERM
Topical Term Mastication
650 ## - SUBJECT ADDED ENTRY--TOPICAL TERM
Topical Term Vulcanisate ageing
650 ## - SUBJECT ADDED ENTRY--TOPICAL TERM
Topical Term Wallace plasticity retention
700 ## - ADDED ENTRY--PERSONAL NAME
Personal name Baker L R
700 ## - ADDED ENTRY--PERSONAL NAME
Personal name Fariie E D
700 ## - ADDED ENTRY--PERSONAL NAME
Personal name Greensmith H W
942 ## - ADDED ENTRY ELEMENTS (KOHA)
Koha item type Journals
Holdings
Withdrawn status Lost status Damaged status Not for loan Home library Current library Shelving location Date acquired Serial Enumeration / chronology Koha item type
      Journals RRII Library RRII Library Rubber chemistry 17/12/2021 Volume 42, Issue 5 Journals